01169nam a2200289Ia 4500001001100000003000500011008004100016010001100057040000900068090002200077100004000099245017300139260003400312300002200346502010500368520004100473700004800514710005800562901002200620902000600642905006300648910000900711942000900720942001200729999001900741952011900760Para_10075CHAP220125sMarz xx 000 0 und d a208762 cCHAP aPA CD - TESIS 155 aRamírez Maldonado, Gerardo994119 aHongos y oomycetes asociados a cánceres de tallo y muerte regresiva en arándano (Vaccinium spp.) /c Gerardo Ramírez Maldonado; Director Ángel Rebollar Alviter aChapingo, Méx. :b el autor a1 CDS ROM (84 p.) aTesis (Ing. Agr. Esp. en Parasitología Agrícola). UACh. Departamento Parasitología Agrícola a(M.C. en Protección Vegetal) UACh aRebollar Alviter, Ángel. Director9175068 aUACh. Departamento Parasitología Agrícola9164025 aPA CD - TESIS 155 aM a513220Marzo, 2012 an 8100000000 06 aMarz cPARA cPARAd2 c208762d208762 00102local4051708TESISaPAbPAc10d2014-12-10fPARAl0pPA_010227r2022-01-25 00:00:00t1w2022-01-25yTDz3